| 000 | 00510nam a2200181Ia 4500 | ||
|---|---|---|---|
| 999 |
_c14411 _d14411 |
||
| 003 | OSt | ||
| 005 | 20201020124105.0 | ||
| 008 | 190216s9999||||xx |||||||||||||| ||und|| | ||
| 020 | _a9788126138838 | ||
| 040 | _coclc | ||
| 082 |
_a149.73 _bRUS/S |
||
| 100 |
_aRussell, Bertrand _95831 |
||
| 245 | 0 |
_aSceptical Essays / _cBertrand Russell |
|
| 260 |
_bAnmol Publications , _aNew Delhi: _c2009. |
||
| 300 | _a244p | ||
| 650 | _aEnglish | ||
| 942 |
_cBK _2ddc _h149.73 _iRUS/S _k149.73 _mRUS/S |
||